| 000 | 00892nmm a2200265 a 4500 | ||
|---|---|---|---|
| 001 | ocm000596251 | ||
| 003 | TR-IsHL | ||
| 005 | 20201028135811.0 | ||
| 008 | 131209s2011 tu tur | ||
| 007 | cr cn | ||
| 020 | _a9786054259618 | ||
| 035 |
_a596251 _b(N$T) |
||
| 050 | 0 | 4 |
_aHG229 _b.A43 2011 |
| 090 | 0 | 4 |
_aHG229 _b.A43 2011 |
| 100 | 1 | _aAlacahan, Nur Dilbaz | |
| 245 | 1 | 0 |
_aEnflasyon hedeflemesi uygulayan ülkelerde enflasyon-döviz kuru ilişkisi ve Türkiye uygulaması _h[electronic resource] / _cNur Dilbaz Alacahan |
| 260 |
_aİstanbul : _bTürkmen Kitabevi, _c2011 |
||
| 300 | _a258 p. | ||
| 650 | 4 | _aEkonomi ve Finans | |
| 650 | 4 | _aEconomics and Finance | |
| 650 | 0 | _aEnflasyon | |
| 650 | 0 | _aInflation | |
| 650 | 7 |
_aBUSINESS & ECONOMICS / Inflation _2bisacsh |
|
| 856 | 4 | 0 | _uhttp://search.ebscohost.com/login.aspx?direct=true&scope=site&db=e011xww&AN=596251 |
| 999 |
_c6939 _d6939 |
||